1st Appearance Comic Books Quiz Stats

 Plays Quiz Updated Jun 19, 2014

Also try: Marvel Zombies
Challenge
Share
Tweet
Score 0/20 Timer 05:00
5 Plays Today
% Correct
Superman
98.9%
Thor
84.3%
Punisher
77.9%
Venom
72.1%
Dr. Doom
66.3%
The Joker, Catwoman
62.5%
Gambit
56.7%
Silver Surfer, Galactus
54.8%
Hawkeye
52.6%
Wolverine
45.9%
% Correct
Lex Luthor
37.5%
Deadpool, Gideon
30.9%
Aquaman, Green Arrow
24.7%
Sabretooth
24.6%
Wonder Woman
17.2%
Dr. Strange
17.1%
Rogue
16.8%
Cable
16.6%
Darkseid
11%
Kingpin
10.1%

You're not logged in!

Compare scores with friends on all Sporcle quizzes.
Join for Free
OR
Log In

You Might Also Like...

Show Comments

Extras

Top Quizzes Today


Score Distribution

Your Account Isn't Verified!

In order to create a playlist on Sporcle, you need to verify the email address you used during registration. Go to your Sporcle Settings to finish the process.

Report this User

Report this user for behavior that violates our Community Guidelines.

Details: